00606nam a2200241Ia 450000500170000000800460001702000180006303700100008104000080009104000080009904000080010704100080011504100080012308400080013110000220013924500550016124500500021626000230026626000090028936500050029836500080030385600530031120260324135419.0008 260324s9999 xx 000 0 eng d a9781315068770 aEBOOK aCRL beng cCRL 2eng aeng qCRL aMichelle MacGrath 4aThe Art of Peaceful Teaching in the Primary School 0bImproving Behaviour and Preserving Motivation bTaylor and Francis c2000 a b230 uhttp://www.taylorfrancis.com/books/9781315068770